Stratigraphy, provenance, and tectonic significance of the Punchbowl block, San Gabriel Mountains, California, USA

Saved in:
Bibliographic Details
Main Authors: Coffey, Kevin T. (Author) , Ingersoll, Raymond V. (Author) , Schmitt, Axel Karl (Author)
Format: Article (Journal)
Language:English
Published: January 16, 2019
In: Geosphere
Year: 2019, Volume: 15, Issue: 2, Pages: 479-501
ISSN:1553-040X
DOI:10.1130/GES02025.1
Online Access:Verlag, Volltext: https://doi.org/10.1130/GES02025.1
Verlag, Volltext: https://pubs.geoscienceworld.org/gsa/geosphere/article/15/2/479/568356/stratigraphy-provenance-and-tectonic-significance
Get full text
Author Notes:Kevin T. Coffey, Raymond V. Ingersoll, Axel K. Schmitt

MARC

LEADER 00000caa a2200000 c 4500
001 1663577366
003 DE-627
005 20220816141424.0
007 cr uuu---uuuuu
008 190425s2019 xx |||||o 00| ||eng c
024 7 |a 10.1130/GES02025.1  |2 doi 
035 |a (DE-627)1663577366 
035 |a (DE-599)KXP1663577366 
035 |a (OCoLC)1341210236 
040 |a DE-627  |b ger  |c DE-627  |e rda 
041 |a eng 
084 |a 31  |2 sdnb 
100 1 |a Coffey, Kevin T.  |e VerfasserIn  |0 (DE-588)1082252549  |0 (DE-627)847253767  |0 (DE-576)455285853  |4 aut 
245 1 0 |a Stratigraphy, provenance, and tectonic significance of the Punchbowl block, San Gabriel Mountains, California, USA  |c Kevin T. Coffey, Raymond V. Ingersoll, Axel K. Schmitt 
264 1 |c January 16, 2019 
300 |b Illustrationen 
300 |a 23 
336 |a Text  |b txt  |2 rdacontent 
337 |a Computermedien  |b c  |2 rdamedia 
338 |a Online-Ressource  |b cr  |2 rdacarrier 
500 |a Gesehen am 25.04.2019 
700 1 |a Ingersoll, Raymond V.  |e VerfasserIn  |0 (DE-588)1184475067  |0 (DE-627)1663577714  |4 aut 
700 1 |a Schmitt, Axel Karl  |d 1968-  |e VerfasserIn  |0 (DE-588)121915506  |0 (DE-627)705701522  |0 (DE-576)292990308  |4 aut 
773 0 8 |i Enthalten in  |t Geosphere  |d Boulder, Colo. : GSA, 2005  |g 15(2019), 2, Seite 479-501  |h Online-Ressource  |w (DE-627)49954515X  |w (DE-600)2201816-5  |w (DE-576)260775282  |x 1553-040X  |7 nnas  |a Stratigraphy, provenance, and tectonic significance of the Punchbowl block, San Gabriel Mountains, California, USA 
773 1 8 |g volume:15  |g year:2019  |g number:2  |g pages:479-501  |g extent:23  |a Stratigraphy, provenance, and tectonic significance of the Punchbowl block, San Gabriel Mountains, California, USA 
856 4 0 |u https://doi.org/10.1130/GES02025.1  |x Verlag  |x Resolving-System  |3 Volltext 
856 4 0 |u https://pubs.geoscienceworld.org/gsa/geosphere/article/15/2/479/568356/stratigraphy-provenance-and-tectonic-significance  |x Verlag  |3 Volltext 
951 |a AR 
992 |a 20190425 
993 |a Article 
994 |a 2019 
998 |g 121915506  |a Schmitt, Axel Karl  |m 121915506:Schmitt, Axel Karl  |d 120000  |d 121000  |e 120000PS121915506  |e 121000PS121915506  |k 0/120000/  |k 1/120000/121000/  |p 3  |y j 
999 |a KXP-PPN1663577366  |e 3453302184 
BIB |a Y 
SER |a journal 
JSO |a {"recId":"1663577366","person":[{"role":"aut","family":"Coffey","given":"Kevin T.","display":"Coffey, Kevin T."},{"role":"aut","family":"Ingersoll","given":"Raymond V.","display":"Ingersoll, Raymond V."},{"given":"Axel Karl","family":"Schmitt","display":"Schmitt, Axel Karl","role":"aut"}],"origin":[{"dateIssuedDisp":"January 16, 2019","dateIssuedKey":"2019"}],"type":{"media":"Online-Ressource","bibl":"article-journal"},"physDesc":[{"extent":"23 S.","noteIll":"Illustrationen"}],"relHost":[{"name":{"displayForm":["Geological Society of America"]},"id":{"zdb":["2201816-5"],"eki":["49954515X"],"issn":["1553-040X"]},"language":["eng"],"title":[{"title_sort":"Geosphere","title":"Geosphere"}],"note":["Gesehen am 20.08.18"],"part":{"volume":"15","issue":"2","text":"15(2019), 2, Seite 479-501","pages":"479-501","extent":"23","year":"2019"},"recId":"49954515X","pubHistory":["1.2005 -"],"disp":"Stratigraphy, provenance, and tectonic significance of the Punchbowl block, San Gabriel Mountains, California, USAGeosphere","origin":[{"dateIssuedKey":"2005","publisherPlace":"Boulder, Colo. ; Alexandria, Va.","dateIssuedDisp":"2005-","publisher":"GSA ; GeoScienceWorld"}],"type":{"media":"Online-Ressource","bibl":"periodical"},"physDesc":[{"extent":"Online-Ressource"}]}],"name":{"displayForm":["Kevin T. Coffey, Raymond V. Ingersoll, Axel K. Schmitt"]},"language":["eng"],"id":{"doi":["10.1130/GES02025.1"],"eki":["1663577366"]},"note":["Gesehen am 25.04.2019"],"title":[{"title":"Stratigraphy, provenance, and tectonic significance of the Punchbowl block, San Gabriel Mountains, California, USA","title_sort":"Stratigraphy, provenance, and tectonic significance of the Punchbowl block, San Gabriel Mountains, California, USA"}]} 
SRT |a COFFEYKEVISTRATIGRAP1620